000 00823nam0a22002291i 4500
001 rc\4845792
005 20240724131840.0
021 _aRU
_b[66-94009]
035 _a(NLR Aleph) 008812496
090 _a8170667
_c8170667
100 _a20130426d1966 |||y0rusy50 ca
101 0 _arus
102 _aRU
105 _ay d |||||
200 1 _aСовременная миграция населения в УССР
_e(Стат. исследование)
_eАвтореферат дис. на соискание учен. степени канд. экон. наук
_fАН УССР. Ин-т экономики
210 _aКиев
_d1966
215 _a25 с.
700 1 _aТовкун
_bВ.И.
_gВиталий Иванович
801 0 _aRU
_bNLR
_gpsbo
801 1 _aRU
_bELAR
_2rusmarc
852 _aNLR
_j67-4/2256
942 _cBOOK